000 01397namaa2200301 i 4500
003 EG-GICUC
005 20260411144242.0
008 260411s1982 iq |||jr|||| 001 0 ara d
040 _aEG-GiCUC
_bara
_cEG-GiCUC
_dEG-GiCUC
_erda
082 0 4 _221
_a415.1
_bH154i
092 0 4 _221
_a415.1
_bH154i
099 _a415.1 H154i
100 1 _aابن الحاجب، عثمان بن عمر
_d1175-1249
_eمؤلف.
245 1 2 _aالأيضاح فى شرح المفصل/
_cللشيخ ابى عمرو عثمان بن عمر المعروف بابن الحاجب النحوى ؛ تحقيق وتقديم الدكتور موسى بناى العليلى.
246 3 5 _aAl Eidah Fi Sharh Al Mouffassal
264 _aالعراق :
_bوزارة الاوقاف والشؤون الدينية، أحياء التراث الأسلامى،
_c1982.
300 _aمجلد 2 ؛
_c25 سم
_bإيضاحيات، صور، مثيليات ؛ Illustrations
336 _2rdacontent
_atext
337 _2rdamedia
_aUnmediated
338 _2rdacarrier
_avolume
504 _aيشتمل على ارجاعات ببليوجرافية وفهارس.
541 _aد. جابر عصفور ؛
_bالقاهرة ؛
_cإهداء ؛
_d2024.
650 1 7 _aاللغة العربية
_xالنحو
_2qrmak
651 1 _2qrmak
700 1 _aالعليلى، موسى بناى
_eمحقق.
_eمقدم.
905 _aAya
942 _2ddc
_cBK
_e21
_n0
999 _c179383
_d179383